Most Successful Countries in the Eurovision Song Contest - Statistics

General Stats
  • This quiz has been taken 988 times
    547 since last reset
  • The average score is 8 of 9
Answer Stats
Wins Answer % Correct
6 Sweden
99%
7 Ireland
97%
5 United Kingdom
97%
5 France
95%
3 Norway
90%
5 The Netherlands
86%
3 Denmark
84%
5 Luxembourg
82%
4 Israel
78%
No matching quizzes found
Score Distribution
Percent of People with Each Score
Percentile by Number Answered
Your Score History
You have not taken this quiz since the last reset